00728nam a2200157 a 450000100100000000500170001000800410002704000250006810000620009324501360015526000650029130000210035604900090037795201670038699900170055300003232320200930065600.0110714s1906 dr 000 0 spa d aDO-SdBNPbspacBNPHU1 aRepública DominicanabFomento y Obras Públicas95833510aMemoria al ciudadano presidente de la República, presenta al secretario de Estado en los despachos de Fomento y Obras Públicas. aSanto Domingo :bImp. Cuna de América J. R. Roquez,c1906. a187 p. ;c27 cm. aBNPD 001050718RVaPDbPDcCTd2011-07-14iLF1l0o p32323-10r2020-06-25w2020-06-25y1zPerteneció a la biblioteca personal de Julio Ortega Frier.ZNo se presta c31814d31814